Normal view
MARC view
- الصين - علاقات خارجية - البلاد العربية
Entry Topical Term
001 - CONTROL NUMBER
- control field: 51846
003 - CONTROL NUMBER IDENTIFIER
- control field: JO-AjAnu
005 - DATE AND TIME OF LATEST TRANSACTION
- control field: 20230606082527.0
008 - FIXED-LENGTH DATA ELEMENTS
- fixed length control field: 230606|| aca||aabn | a|a d
040 ## - CATALOGING SOURCE
- Original cataloging agency: JO-AjAnu
- Transcribing agency: JO-AjAnu
150 ## - HEADING--TOPICAL TERM
- Topical term or geographic name entry element: الصين - علاقات خارجية - البلاد العربية
670 ## - SOURCE DATA FOUND
- Source citation: Work cat.: (JO-AjAnu)26499: أحمد، سامر خير, author 51845, العرب ومستقبل الصين: اللانموذج التنموي والمصاحبة الحضارية